Stats Means Business : (Record no. 605481)

MARC details
000 -LEADER
fixed length control field 00474nam a2200193 a 4500
008 - FIXED-LENGTH DATA ELEMENTS--GENERAL INFORMATION
fixed length control field 251227s2001##################000#0#eng##
020 ## - INTERNATIONAL STANDARD BOOK NUMBER
ISBN 9780750653640
082 04 - DEWEY DECIMAL CLASSIFICATION NUMBER
Classification number 650.015195
Item number BUG
100 1# - MAIN ENTRY--AUTHOR NAME
Personal name Buglear, John,
245 10 - TITLE STATEMENT
Title Stats Means Business :
260 ## - PUBLICATION, DISTRIBUTION, ETC. (IMPRINT)
Name of publisher Routledge,
Year of publication 2001.
300 ## - PHYSICAL DESCRIPTION
Number of Pages 372 pages
650 #0 - SUBJECT ADDED ENTRY--TOPICAL TERM
Topical Term Business & Economics.
942 ## - ADDED ENTRY ELEMENTS (KOHA)
Koha item type English Books
Holdings
Withdrawn status Lost status Damaged status Not for loan Home library Current library Shelving location Date acquired Full call number Accession Number Price effective from Koha item type
        Anna Centenary Library Anna Centenary Library 6TH FLOOR, A WING 27.12.2025 650.015195 BUG 331242 27.12.2025 English Books

Find us on the map